El mosaico de "Hilas y las ninfas" : rapto y rescate del héroe /

محفوظ في:

المؤلف الرئيسي: Regueras, Fernando (مؤلف)

مؤلفون آخرون: Yagüe Hoyal, Pablo., Marcos, Rosa María.

التنسيق: كتاب

اللغة: Spanish

منشور في: [Valladólid, Spain] : Junta de Castilla y León, Consejería de Cultura y Turismo, 1994.

سلاسل: Estudios y catálogos.

الموضوعات:

الوسوم: إضافة وسم

لا توجد وسوم, كن أول من يضع وسما على هذه التسجيلة!

رقم الطلب: NA3770 .R45 1994

LEADER 01057namaa2200289 4500
001 25333
003 OSt
005 20250907110123.0
008 130303s1994 sp a b 000 0 spa d
010 |a 96164365 
020 |a 8478463925 
040 |c ARCE Library 
043 |a e-sp--- 
050 4 |a NA3770 .R45 1994 
100 1 |a Regueras, Fernando,   |e author  |9 38295 
245 1 3 |a El mosaico de "Hilas y las ninfas" :   |b rapto y rescate del héroe /   |c Fernando Regueras Grande, Pablo Yagüe Hoyal, Rosa Marcos Fierro. 
264 1 |a [Valladólid, Spain] :   |b Junta de Castilla y León, Consejería de Cultura y Turismo,   |c 1994. 
300 |a 77 pages :   |b illustrations (some color) ;   |c 30 cm. 
490 0 |a Estudios y catálogos. 
504 |a Includes bibliographical references (p. 74). 
600 0 0 |a Hylas  |c (Greek mythological character)  |x Art.  |9 32501 
650 0 |a Mosaics, Roman  |x Expertising  |z Spain  |z Castilla y León. 
700 1 |a Yagüe Hoyal, Pablo.  |9 42436 
700 1 |a Marcos, Rosa María. 
901 |a reviewed 
942 |c BK  |2 lcc 
999 |c 23763  |d 23763